=LDR 00000nam 2200000 4500 =001 INLIS000000000025226 =005 20210624105957 =035 ##$$a 0010-061300000025226 =008 210624###########################0###### =041 ##$$a Ind =082 ##$$a 347.6 =090 ##$$a 347.6, Pit p =100 ##$$a Pitlo =245 1#$$a Pembuktian dan daluarsa menurut kitab undang-undang hukum persata belanda, Pitlo =260 ##$$a [S.a] :$b Jakarta =300 ##$$a 335 hlm, 21 cm =650 #4$$a Hukum Perdata =850 ##$$a NBPNMAT =990 ##$$a 2.126/Pro.81 =990 ##$$a 00092125 =990 ##$$a 21602714/BPAP-NTB/2017 =990 ##$$a 01201805323 =990 ##$$a 01201805324